Interstellar dust (Record no. 9680)
[ view plain ]
| 000 -LEADER | |
|---|---|
| fixed length control field | 00736nam a2200229Ia 4500 |
| 003 - CONTROL NUMBER IDENTIFIER | |
| control field | IN-BaIIA |
| 008 - FIXED-LENGTH DATA ELEMENTS--GENERAL INFORMATION | |
| fixed length control field | 211028s9999 xx 000 0 eng d |
| 020 ## - INTERNATIONAL STANDARD BOOK NUMBER | |
| International Standard Book Number | 0-7923-0449-7 |
| 040 ## - CATALOGING SOURCE | |
| Transcribing agency | IIA Library |
| 080 ## - UNIVERSAL DECIMAL CLASSIFICATION NUMBER | |
| Universal Decimal Classification number | 082.2:52 |
| Item number | IAU-S135 |
| 245 #0 - TITLE STATEMENT | |
| Title | Interstellar dust |
| Statement of responsibility, etc. | edited by L. J. Allamandola and A. G. G. M. Tielens |
| 260 ## - PUBLICATION, DISTRIBUTION, ETC. | |
| Place of publication, distribution, etc. | Dordrecht |
| Name of publisher, distributor, etc. | Kluwer Academic |
| Date of publication, distribution, etc. | 1989 |
| 300 ## - PHYSICAL DESCRIPTION | |
| Extent | xv, 525p. |
| 490 ## - SERIES STATEMENT | |
| Series statement | IAU symposium; no. 135 |
| 650 ## - SUBJECT ADDED ENTRY--TOPICAL TERM | |
| Topical term or geographic name entry element | Cosmic dust |
| 9 (RLIN) | 3926 |
| 650 ## - SUBJECT ADDED ENTRY--TOPICAL TERM | |
| Topical term or geographic name entry element | Interstallar gas |
| 9 (RLIN) | 16336 |
| 650 ## - SUBJECT ADDED ENTRY--TOPICAL TERM | |
| Topical term or geographic name entry element | Interstellar dust |
| 9 (RLIN) | 5398 |
| 650 ## - SUBJECT ADDED ENTRY--TOPICAL TERM | |
| Topical term or geographic name entry element | Interstellar matter |
| 9 (RLIN) | 1189 |
| 700 ## - ADDED ENTRY--PERSONAL NAME | |
| Personal name | Allamandola, L. J., ed. |
| 9 (RLIN) | 16337 |
| 700 ## - ADDED ENTRY--PERSONAL NAME | |
| Personal name | Tielens, A. G. G. M., ed. |
| 9 (RLIN) | 16338 |
| 942 ## - ADDED ENTRY ELEMENTS (KOHA) | |
| Koha item type | Books |
| Withdrawn status | Lost status | Damaged status | Not for loan | Home library | Current library | Shelving location | Date acquired | Total Checkouts | Full call number | Barcode | Date last seen | Price effective from | Koha item type |
|---|---|---|---|---|---|---|---|---|---|---|---|---|---|
| IIA Library-Bangalore | IIA Library-Bangalore | General Stacks | 082.2:52/ IAU-S135 | 10590 | 05/11/2021 | Books |